[Event "Yingmei Cup CHN-chT 2017"]
[Site "Shenzen"]
[Date "2017.04.18"]
[Round "1"]
[White "Peng, Xiongjian"]
[Black "Wang, Tongsen"]
[Result "0-1"]
[WhiteElo "2423"]
[BlackElo "2385"]
[Annotator "TA"]
[PlyCount "132"]
[EventDate "2017.??.??"]
[EventCountry "CHN"]
[SourceTitle "playchess.com"]
[Source "ChessBase"]
[SourceQuality "1"]

{[%evp 19,132,-16,0,10,13,6,16,18,6,0,0,0,0,-6,0,0,0,0,3,0,6,0,-8,-8,-14,-18,7,-36,-44,-56,-29,-91,-106,-154,-123,-108,-71,-118,-114,-116,-122,-143,-83,-64,-67,-63,-68,-60,-64,-69,-63,-59,-54,-64,-47,-75,-64,-69,-63,-60,-60,-111,-47,-48,-10,-9,0,0,0,-58,-18,-26,-40,-41,-21,-4,0,-47,-44,-46,-46,-46,-47,-46,-46,-47,-48,-56,0,-133,-133,-120,-60,-83,-83,-83,-72,-245,-232,-382,-383,-1262,-349,-326,-334,-314,-296,-29985,-29986,-29986,-29987,-29993,-29994,-29997,-29997]} 1. c4 c6 2. Nf3 d5 3. e3 Nf6 4. b3 Bf5 5. Bb2 e6 6. Be2 h6 7. O-O Nbd7 8. d4 Bd6 9. Nc3 O-O 10. Bd3 Bxd3 11. Qxd3 {D12: Slav Defence: 3 Nf3 Nf6 4 e3 Bf5} Qe7 12. Rad1 (12. e4 dxe4 13. Nxe4 Nxe4 14. Qxe4 Ba3 15. Bc3 Bb4 16. Bb2 Ba3 17. Bc3 Bb4 18. Bb2 {½-½ (18) Karlsson,L (2491)-Lysyj,I (2609) Stockholm 2009}) 12... Rad8 $146 (12... Bb4 13. Ne5 Rfd8 14. Ne2 dxc4 15. Qxc4 Rac8 16. Ng3 a6 17. f4 c5 18. a3 Ba5 19. Nxd7 Nxd7 {1-0 (45) Velikanov,A (2355)-Vigorito,D (2415) Charlotte 2016}) 13. e4 {The position is equal.} dxc4 14. bxc4 e5 15. d5 Bb4 16. Qc2 Rc8 17. dxc6 bxc6 18. Na4 Rfe8 19. Rb1 Rb8 20. Rfd1 Qe6 21. h3 Bf8 22. Ba1 Nh5 {[%cal Bf6h5,Bh5f4,Bf4e2][%mdl 32]} 23. Nb2 Nc5 24. Nd3 Nxd3 (24... Nxe4 $6 25. Rxb8 (25. Nfxe5 Rxb1 26. Qxb1 Nc5 $11) 25... Rxb8 26. Re1 $14 (26. Bxe5 Re8 $14) (26. Nfxe5 Rd8 $14) (26. Ndxe5 Nhf6 $14)) (24... Rxb1 $5 {seems wilder.} 25. Qxb1 Nxd3 26. Rxd3 Nf4 27. Rb3 f6) 25. Qxd3 (25. Rxb8 $11 Rxb8 26. Rxd3) 25... Nf4 $17 26. Qe3 {Black must now prevent Rxb8.} Rxb1 (26... Qxc4 27. Rxb8 (27. Bxe5 Rxb1 28. Rxb1 Nd3 $17) 27... Rxb8 28. Bxe5 Ne2+ 29. Kh1 $14) 27. Rxb1 Qxc4 28. Nxe5 Qxa2 29. Rf1 Ne2+ 30. Kh1 c5 (30... a5 $142 31. Re1 Rb8) 31. Re1 Nd4 32. Bxd4 cxd4 33. Qxd4 Qa5 34. Nf3 $1 Bc5 35. Qb2 Bb6 36. Kg1 Qc5 37. Nh4 Bc7 38. Nf3 a5 39. Rc1 Qa7 40. Nd4 (40. Rc4 $15) 40... Rb8 (40... Rxe4 $6 41. Nb5 Bh2+ 42. Kxh2 $11) (40... Qb6 $1 $17 {[%cal Rb6b2]} 41. Qc2 Bh2+ 42. Kxh2 Qxd4) 41. Qc2 $15 Qxd4 42. Qxc7 {[%mdl 4096] Endgame KQR-KQR} Ra8 43. Qb7 Rd8 44. Rc8 (44. Qc7 $11) 44... g6 (44... Qa1+ $5 45. Kh2 $8 Qe5+ 46. g3 Rxc8 47. Qxc8+ Kh7 $15) 45. Rxd8+ Qxd8 $11 {KQ-KQ} 46. Qb5 Qd1+ 47. Kh2 $1 a4 {aiming for ...a3.} 48. Qe8+ Kg7 49. Qe5+ Kh7 {Threatens to win with ...a3.} 50. Qe7 Qb3 51. e5 $1 Qe6 52. Qc5 Kg8 53. f4 Qa6 (53... h5 $15) 54. Qe7 {[#]} (54. Qd5 $11) 54... Qc4 $1 $17 {[%cal Rc4f4]} ({Don't play} 54... a3 $6 {[#]} 55. e6 $1 {[%mdl 512]} Qxe6 56. Qxa3 $11) 55. Kg3 ({Don't go for} 55. g3 $2 Qe2+ 56. Kg1 Qf3 $19) 55... Qe6 (55... Qd4 $17 56. Kf3 Qd5+ 57. Kg3 (57. Kf2 Qe4 58. g3 Qc2+ 59. Ke1 Qe4+ 60. Kf2 Qd4+ 61. Ke2 Qe4+ 62. Kf2 $17) 57... Qe4) 56. Qa7 Qb3+ 57. Kh2 Qb4 (57... a3 $2 58. e6 fxe6 59. Qe7 $19) 58. Kg3 $2 (58. f5 $17) 58... a3 $19 {...Qb3+ is the strong threat.} 59. Qa8+ (59. e6 $142 fxe6 60. Qd7) 59... Kg7 60. Qd5 $2 (60. e6 fxe6 61. Qa7+ Kf6 62. Kf3) 60... Qc3+ $2 (60... Qb1 {And now ...a2 would win.} 61. Qd4 Qb2) 61. Kh2 Qe3 62. Qc4 Qa7 {Hoping for ...a2.} 63. f5 $2 (63. Qa2 $19) 63... a2 {Black mates.} 64. f6+ Kh7 65. e6 a1=Q 66. e7 Qe5+ 0-1

[Event "Yingmei Cup CHN-chT 2017"]
[Site "Shenzen"]
[Date "2017.04.18"]
[Round "1"]
[White "Ding, Yixin"]
[Black "Ren, Xiaoyi"]
[Result "1-0"]
[WhiteElo "2420"]
[BlackElo "2262"]
[Annotator "TA"]
[PlyCount "169"]
[EventDate "2017.??.??"]
[EventCountry "CHN"]
[SourceTitle "playchess.com"]
[Source "ChessBase"]
[SourceQuality "1"]

{[%evp 12,169,17,-1,4,4,30,-6,0,-33,-3,-31,-23,-23,12,-19,-22,-25,-30,-16,0,0,19,0,13,17,43,41,42,27,34,22,27,18,31,22,21,0,4,-16,-12,-31,-30,-26,-14,-14,-12,-20,-14,-14,-8,-15,-14,-15,0,0,0,0,11,11,13,12,23,33,202,192,162,163,345,346,374,389,470,432,420,385,381,355,406,398,386,309,308,308,318,317,381,360,402,435,442,442,502,502,439,425,639,295,302,68,71,102,287,287,287,278,278,261,256,249,348,348,348,287,406,406,402,403,666,563,29987,5952,5368,1069,1618,578,578,578,581,466,574,529,777,762,756,733,1771,1760,1290,1108,29980,29981,29986,29979,29986,29987,29989,29978,29977,29977,29984,29984,29985,29982,29987,29988,29988,29989,29991,29991]} 1. e4 e5 2. Bc4 Nf6 3. d3 c6 4. Qe2 Be7 5. Nf3 d6 6. O-O O-O 7. Bb3 {LiveBook: 6 Games. C24: Bishop's Opening: 2...Nf6} Bg4 8. Nbd2 $146 (8. h3 Bh5 9. c3 Nbd7 10. Be3 Re8 11. Nbd2 Bf8 12. Rfe1 d5 13. Qf1 dxe4 14. dxe4 {1-0 (48) Almasi,Z (2707)-Fridman,D (2602) Bastia 2013}) 8... Nh5 9. h3 {White has an edge.} Nf4 10. Qe3 Bh5 11. Kh2 Nd7 12. d4 Bg6 13. Re1 Qc7 14. c3 Rfe8 15. g3 Nh5 16. dxe5 dxe5 17. Bc2 Rad8 18. Qe2 Nhf6 19. Nh4 Bh5 20. f3 Nc5 21. Nb3 Ne6 22. Nf5 Bf8 23. Be3 Nd7 24. Qf2 f6 25. Rad1 (25. Bxa7 $2 b6 26. Bxb6 (26. g4 $2 Bf7 27. Bxb6 Nxb6 $19) 26... Nxb6 $19) 25... Bf7 26. Rd2 c5 27. Red1 c4 28. Nc1 {[%cal Bb3c1,Bc1a2,Ba2c3,Bc3d5][%mdl 32]} Ndc5 29. b4 cxb3 $1 30. axb3 (30. Bxb3 Nxb3 31. Nxb3 Rxd2 32. Rxd2 b6 $17) 30... b6 31. Na2 Rxd2 32. Bxd2 Nd8 33. c4 Nc6 34. Nc3 Qb8 35. Nd5 Ne6 36. b4 Ned4 37. Ba4 Nxf5 $2 ({Black should try} 37... Rc8 $14) 38. Bxc6 $18 (38. exf5 Rc8 39. Bc3 Bxd5 40. cxd5 Nxb4 $15) 38... Rc8 39. Bd7 $36 {[%mdl 2048] White has strong initiative.} (39. exf5 Rxc6 40. Ne3 Bxc4 41. Nxc4 Rxc4 $17) 39... Rxc4 $2 (39... Nd4 {is a better defense.}) 40. Bxf5 Qd8 {Black hopes to continue with ...g6.} 41. Be1 Qe8 42. Bd7 Qb8 43. Bb5 Rc8 44. Qd2 a5 45. Ba6 Rc6 46. Rc1 Rxc1 47. Qxc1 axb4 48. Nxb4 b5 49. Nd5 Bxd5 50. exd5 Qb6 51. Bc8 g6 52. Be6+ Kg7 53. Kg2 ({Not} 53. Qc6 Qe3 54. Qc3 (54. Qxb5 Qxe1 55. Qb7+ Kh6 $17) 54... Qe2+ 55. Kg1 e4 $18) 53... Bc5 (53... Qc5 $142 54. Qd2 Qd4 55. Qxd4 exd4) 54. Qb2 (54. Bd2 $142 {aiming for Bh6+.} Qd6 55. Bh6+ Kh8 56. f4 exf4 57. Qc3) 54... b4 55. Qb3 $2 (55. Qa2 $18) 55... Qb5 $14 {( -> ...Qe2+)} 56. Qd1 $1 b3 $2 (56... Qc4 $16) 57. d6 $18 b2 58. Ba2 Qa6 {[#]} 59. Bb1 $1 Bxd6 60. Bc3 Qc4 61. Bxb2 Bc5 62. Qd3 Qb4 (62... Qxd3 $142 63. Bxd3 Kf7) 63. Bc3 {White threatens Qd7+ and mate.} ({But not} 63. Qd7+ Kh8 64. Qd8+ Kg7 $18) 63... Qb7 64. h4 Ba7 (64... Bb4 $142 65. Bb2 Bf8) 65. Ba2 Qc7 66. Bd2 (66. Qd5 $142 Be3 67. Bc4 Kh6 {[#]} 68. f4 $1 {[%mdl 512]} exf4 69. g4 f3+ 70. Qxf3 Qf4 71. Bb4 Qxf3+ 72. Kxf3) 66... e4 67. Qxe4 (67. fxe4 $142 Qc6 68. Kh2) 67... Qd7 68. Qd5 Qxd5 69. Bxd5 Bd4 70. Kf1 f5 71. Ke2 h6 72. Kd3 Bf2 73. Bc3+ Kh7 74. Be5 Be1 75. Kc4 h5 76. Kc5 {White mates.} Bd2 77. Be6 Be1 78. Kd6 Kh6 79. Bf4+ Kg7 80. Bd5 g5 81. hxg5 Kg6 82. Bc6 h4 83. Be8+ Kg7 84. gxh4 Bxh4 85. Ke6 1-0

[Event "Yingmei Cup CHN-chT 2017"]
[Site "Shenzen"]
[Date "2017.04.18"]
[Round "1"]
[White "Wang, Jue"]
[Black "Zatonskih, Anna"]
[Result "1/2-1/2"]
[WhiteElo "2335"]
[BlackElo "2453"]
[Annotator "TA"]
[PlyCount "120"]
[EventDate "2017.??.??"]
[EventCountry "CHN"]
[SourceTitle "playchess.com"]
[Source "ChessBase"]
[SourceQuality "1"]

{[%evp 25,120,45,81,72,72,83,67,62,99,77,77,79,77,74,71,70,75,69,78,86,76,85,85,56,110,108,114,110,121,111,111,113,135,142,163,112,147,109,179,157,165,159,158,127,128,127,127,113,92,11,13,14,26,25,18,19,22,0,0,0,0,0,0,0,0,0,0,0,0,0,0,0,0,0,0,0,0,0,0,0,0,0,0,0,0,0,0,0,0,0,0,0,0,0,0,0,0]} 1. e4 e6 2. d4 d5 3. Nc3 dxe4 4. Nxe4 Bd7 5. Nf3 Bc6 6. Bd3 Nd7 7. O-O Ngf6 8. Ng3 Be7 9. b3 O-O 10. c4 b6 {C10: French with 3 Nc3: Unusual Black 3rd moves and 3...dxe4} (10... Bxf3 11. Qxf3 c6 12. Bb2 Qa5 13. Rfe1 Ba3 14. Bxa3 Qxa3 15. Re2 Rfd8 16. h3 Nf8 17. Ne4 Nxe4 18. Qxe4 Qd6 19. Rd1 Rd7 20. c5 {0-1 (73) Polgar,J (2680)-Gelfand,B (2758) Moscow 2009}) 11. Bb2 Bb7 12. Qe2 c5 13. Rad1 Qc7 {LiveBook: 3 Games} 14. d5 $1 {[%cal Rd5e6]} exd5 15. cxd5 Rfe8 16. Bc4 $146 (16. Nf5 Bf8 {½-½ (35) Thomas,M-Kruijer,R ICCF email 2004}) 16... Bd6 17. Qd2 Ne5 18. Nxe5 Bxe5 19. Bxe5 Qxe5 20. Rfe1 Qd4 $1 {[#]} 21. Rxe8+ $1 Rxe8 22. Qxd4 cxd4 23. Rxd4 Kf8 24. f3 Rd8 (24... Bxd5 $14 25. Rxd5 (25. Bxd5 Rd8 $14) 25... Nxd5) 25. Ne4 $36 {[%mdl 2048] Keeping Black busy.} ({Don't play} 25. d6 Ne8 $14) 25... Ne8 26. Kf2 a6 27. a4 h6 28. Ke3 f5 29. Nc3 Nd6 30. Bd3 ({White should try} 30. Rd1 $18) 30... g6 31. h4 h5 (31... Re8+ $16 32. Kf4 Rc8) 32. Ne2 Kf7 33. Nf4 Kf6 34. Rb4 Nc8 35. Rc4 {Hoping for Rc7.} Ne7 36. Rc7 ({But not} 36. Rb4 $6 Rd6 $14) 36... Bxd5 37. Bxa6 (37. b4 $16) 37... Bxb3 $11 38. Rb7 Bxa4 39. Rxb6+ Bc6 40. Bb5 {The position is equal.} Rd6 41. Bxc6 Rxc6 42. Rxc6+ Nxc6 {[%mdl 4096] Endgame KN-KN} 43. Kd3 g5 44. Nxh5+ Kg6 45. Ng3 gxh4 46. Ne2 Kg5 47. Ke3 Ne7 48. Kd4 Ng6 49. Ke3 Ne7 50. Nf4 Nc6 51. Nd5 Nd8 52. Kd4 Nf7 53. Ke3 Nd8 54. Nc7 Nc6 55. Ne6+ Kf6 56. Nf4 Kg5 57. Nh3+ Kf6 58. Nf4 Kg5 59. Nd5 Nd8 60. Kd3 Ne6 1/2-1/2

[Event "Yingmei Cup CHN-chT 2017"]
[Site "Shenzen"]
[Date "2017.04.18"]
[Round "1"]
[White "Zhang, Ziji"]
[Black "Ma, Zhonghan"]
[Result "1/2-1/2"]
[WhiteElo "2318"]
[BlackElo "2465"]
[Annotator "TA"]
[PlyCount "60"]
[EventDate "2017.??.??"]
[EventCountry "CHN"]
[SourceTitle "playchess.com"]
[Source "ChessBase"]
[SourceQuality "1"]

1. d4 Nf6 2. c4 e6 $146 (2... g6 3. g3 c6 4. Bg2 d5 5. cxd5 cxd5 6. Nf3 Bg7 7. Nc3 Ne4 8. Qa4+ Bd7 9. Qb3 Bc6 10. O-O Nxc3 11. bxc3 Nd7 12. a4 O-O 13. a5 b6 14. Qa2 bxa5 15. Nd2 {1-0 (49) Xiong,J (2667)-Smirin,I (2667) Wijk aan Zee 2017}) 3. Nc3 Bb4 4. Nf3 b6 5. e3 O-O 6. Bd3 d5 7. O-O Bb7 8. cxd5 exd5 9. a3 Bd6 10. b4 Nbd7 11. Qb3 c6 12. Re1 a5 13. bxa5 Rxa5 14. a4 Re8 15. Ba3 Bxa3 16. Rxa3 Ne4 17. Rb1 Ba6 (17... Nd6 $5 {seems wilder.} 18. Ne5 Nxe5 19. dxe5 Nc8 20. f4 Qe7) 18. Bxa6 Rxa6 19. Nxe4 dxe4 20. Nd2 Qe7 21. Ra2 Qe6 22. Qxe6 Rxe6 23. Rba1 c5 24. dxc5 Nxc5 25. a5 g6 26. h3 bxa5 27. Rxa5 f5 28. Rxa6 Rxa6 29. Rxa6 Nxa6 30. g4 Kf7 1/2-1/2

[Event "Yingmei Cup CHN-chT 2017"]
[Site "Shenzen"]
[Date "2017.04.18"]
[Round "1"]
[White "Gong, Qianyun"]
[Black "Zhai, Mo"]
[Result "0-1"]
[WhiteElo "2300"]
[BlackElo "2303"]
[Annotator "TA"]
[PlyCount "96"]
[EventDate "2017.??.??"]
[EventCountry "CHN"]
[SourceTitle "playchess.com"]
[Source "ChessBase"]
[SourceQuality "1"]

{[%evp 8,96,0,0,10,13,19,2,28,-18,-12,-10,-12,-32,-17,-29,-6,-21,18,0,0,-14,-3,-10,0,-2,0,0,13,7,23,6,10,6,17,7,14,-62,-60,-62,16,-8,0,0,14,-14,-20,-14,-9,-29,-29,-39,-29,-30,-27,-28,-43,-40,-38,-43,-28,-47,-42,-91,-90,-78,-8,-17,-16,-8,-14,-8,-8,-8,-8,-8,-8,-125,-125,-1008,-95,-1020,-939,-702,-629,-5613,-5509,-29972,-29973,-29970,-29964]} 1. e4 e5 2. Nf3 Nc6 3. Nc3 Nf6 4. h3 Bb4 {C47: Scotch Four Knights and Four Knights with 4 g3} (4... d5 5. exd5 Nxd5 6. Bb5 Nxc3 7. bxc3 Bd6 8. O-O O-O 9. d4 exd4 10. cxd4 h6 11. c3 Qf6 12. Bd3 {0-1 (55) Short,N (2684)-Melkumyan,H (2654) Minsk 2015}) 5. Bd3 {LiveBook: 11 Games} d6 6. a3 Bxc3 {The position is equal.} 7. dxc3 Be6 8. c4 h6 $146 (8... Nd7 9. Ng5 Nf8 10. Nxe6 Nxe6 11. Be3 O-O 12. O-O Qf6 13. c3 {½-½ (44) Haensel,T (2040)-Schneider,H Pinneberg 1996}) 9. Be3 Nd7 10. b4 Qe7 11. c3 a6 12. Qe2 Na7 13. a4 a5 14. O-O O-O 15. Rfb1 Nc6 16. Nd2 {[%cal Bf3d2,Bd2f1,Bf1g3,Bg3f5][%mdl 32]} Rfc8 17. Nf1 Qe8 18. Ng3 b6 19. Qf3 Ne7 20. Nf5 Bxf5 21. exf5 Nf6 22. Be4 (22. Bc2 $11) 22... Nxe4 $15 23. Qxe4 Qc6 (23... f6 $15) 24. f3 Qxe4 25. fxe4 Kf8 26. f6 Ng8 27. fxg7+ Kxg7 28. Rf1 Nf6 29. Bxh6+ Kg6 30. Rae1 axb4 31. cxb4 Rxa4 32. Bd2 Ra3 33. Rf3 Rca8 34. Bc3 Nh5 35. Ref1 Rb3 36. c5 Raa3 (36... Nf4 $17 {White must now prevent ...Rxc3!} 37. Kh1 Raa3 38. cxb6 cxb6) 37. cxb6 $11 cxb6 38. Bd2 Rxf3 39. Rxf3 Rxf3 40. gxf3 {[%mdl 4096] Endgame KB-KN} b5 41. Kf2 f5 {[%cal Bf7f5,Bf5f4][%mdl 32]} 42. h4 {[#]} (42. exf5+ $11 {keeps the balance.} Kxf5 43. h4) 42... f4 $1 $17 43. Kg2 $2 {[%mdl 8192] [#]} (43. Be1 $17) 43... Ng3 $2 (43... Ng7 $1 $19 {is more deadly.} 44. Be1 Ne6) 44. Be1 $2 {[%mdl 8192]} (44. Kf2 $17) 44... Ne2 $19 45. Bf2 Nd4 46. Kh3 Kh5 47. Bg1 Nxf3 48. Bb6 Nd2 0-1

[Event "Yingmei Cup CHN-chT 2017"]
[Site "Shenzen"]
[Date "2017.04.18"]
[Round "1"]
[White "Xiao, Yiyi"]
[Black "Zhang, Xiaowen"]
[Result "0-1"]
[WhiteElo "2290"]
[BlackElo "2345"]
[Annotator "TA"]
[PlyCount "110"]
[EventDate "2017.??.??"]
[EventCountry "CHN"]
[SourceTitle "playchess.com"]
[Source "ChessBase"]
[SourceQuality "1"]

{[%evp 9,110,20,25,24,33,35,33,33,33,28,34,0,22,0,41,42,32,8,42,35,32,14,25,0,17,0,0,0,0,0,0,0,8,-9,-20,-14,0,-10,100,83,127,7,0,-7,-8,-17,-16,-100,-17,-20,-6,-354,-200,-457,-443,-441,-457,-457,-61,-457,-441,-29982,-29983,-29983,0,-29984,0,0,0,-29984,-29985,-29985,-29986,-29986,-29987,-29987,-797,-29988,0,-29987,-29988,-29988,-29973,-29989,-29975,-29973,-29975,-29975,-29975,-29968,-29970,-29978,-29975,-5293,-1719,-29990,-334,-308,-278,-653,-653,-650,-647]} 1. d4 d5 2. c4 e6 3. Nf3 Nf6 4. Nc3 a6 5. cxd5 exd5 6. Bg5 {D37: Queen's Gambit Declined: 5 Bf4} Be6 7. e3 Nbd7 8. Bd3 {White is slightly better.} Bd6 (8... h6 9. Bh4 g5 10. Bg3 Nh5 11. Be5 Ng7 12. h3 Nxe5 13. Nxe5 Bd6 {½-½ (60) Van Wely,L (2695)-Andreikin,D (2736) Wijk aan Zee 2017}) 9. O-O O-O 10. Rc1 c6 11. Qc2 $146 (11. Qd2 Bg4 12. Ne1 Qc7 13. h3 Bh5 {½-½ (21) Vodicka,M (1933)-Hatsek,W (1887) LSS email 2013}) 11... h6 12. Bf4 Qc7 13. Ne2 Nh5 {[%cal Rd6f4]} 14. Bxd6 Qxd6 15. b4 Rfc8 (15... Qxb4 16. Rb1 Qd6 17. Rxb7 $16) 16. Qb1 b6 17. Rc3 a5 18. a3 axb4 19. axb4 Ra4 20. b5 {Threatens to win with bxc6.} c5 21. dxc5 bxc5 22. Ned4 Nb6 23. Nc6 d4 (23... Rca8 $11 {keeps the balance.}) 24. exd4 $16 cxd4 25. Rcc1 ({White must play} 25. Rd1 $1 $16) 25... Nf4 $11 26. Rfe1 Rca8 27. Bf1 d3 {White must now prevent ...d2.} 28. Nd2 (28. Rcd1 $1 $11) 28... Kh8 (28... Ra2 $17 29. Ne4 Qa3) 29. Ne4 Qd5 30. Nc3 $2 {[%mdl 8192] [#]} (30. Nb4 $11 {and White has nothing to worry.} Qf5 31. Ng3 (31. Nd6 $2 Nh3+ 32. gxh3 Qg5+ 33. Bg2 d2 $19) 31... Qxb5 32. Nxd3 Qxb1 33. Rxb1 Nxd3 34. Bxd3) 30... Qg5 (30... Nh3+ $142 $1 {[%mdl 512]} 31. gxh3 Qg5+ 32. Kh1 d2) 31. Nxa4 $2 (31. Re3 {is a better defense.} d2 32. Rd1) 31... Nh3+ $19 (31... Rxa4 32. Re3 $14) 32. Kh1 Nxf2+ (32... Rxa4 33. Bxd3 Nxf2+ 34. Kg1 Nh3+ 35. Kh1 Nf2+ 36. Kg1 Nh3+ 37. Kh1 Nf2+ $11) (32... Nxa4 33. Bxd3 Nxf2+ 34. Kg1 Nh3+ 35. Kh1 $15) 33. Kg1 Nh3+ (33... Nxa4 34. Bxd3 (34. Kxf2 d2 35. Kg1 Bf5 $11) 34... Nh3+ 35. Kh1 $11) (33... Rxa4 34. Bxd3 Nh3+ 35. Kh1 Nf2+ 36. Kg1 Nh3+ 37. Kh1 Nf2+ 38. Kg1 $11) 34. Kh1 {[#]} d2 $1 (34... Rxa4 35. Bxd3 Nf2+ 36. Kg1 Nh3+ 37. Kh1 Nf2+ 38. Kg1 Nh3+ 39. Kh1 $11) 35. Nxb6 (35. Rc2 $19 Nf2+ 36. Kg1 Rxa4 37. Re5) 35... dxe1=Q (35... dxc1=Q 36. Qxc1 (36. Rxc1 $2 Nf2+ 37. Kg1 Qe3 $19) 36... Nf2+ 37. Kg1 Nh3+ 38. Kh1 Nf2+ 39. Kg1 Nh3+ 40. Kh1 $11) 36. Rxe1 Nf2+ 37. Kg1 {Hoping for g3.} Nh3+ 38. Kh1 Nf2+ $40 {[%mdl 128] Black attacks.} 39. Kg1 {[#]} Qc5 $3 {[%mdl 512]} 40. h3 Nxh3+ (40... Qxb6 41. Kh2 $11) 41. Kh2 Qg1+ (41... Qxb6 42. Rxe6 fxe6 43. gxh3 $11 (43. Kxh3 Qe3+ 44. g3 Qf3 $17)) 42. Kg3 Qf2+ (42... Qxb6 43. Qb2 $17) 43. Kh2 Qg1+ (43... Qxb6 44. Rxe6 fxe6 45. gxh3 $11 (45. Kxh3 Qe3+ 46. g3 Qf3 $17)) 44. Kg3 {aiming for Qh7+!} Ra3+ ({Weaker is} 44... Qxb6 45. Qb2 $17) 45. Bd3 Qf2+ ({Less strong is} 45... Qxb6 46. gxh3 Qc7+ 47. Kf3 $19) 46. Kh2 Qf4+ ({Not} 46... Qxb6 47. Qc2 $17) 47. Kh1 Nf2+ 48. Kg1 Nxd3 49. Re2 Rc3 50. Rc2 Qe3+ 51. Kh2 Rb3 (51... Rxc2 $142 52. Qxc2 Nf2) 52. Qg1 Qxg1+ $2 (52... Qf4+ {mates} 53. g3 Qf3 54. Qd4 Ne1 55. Qf2 Qh5+ 56. Kg1 Nxc2 57. Qxc2 Rxg3+ 58. Qg2 Rxg2+ 59. Kxg2 Qxb5 60. Kf3 Qxc6+ 61. Ke3 Qc3+ 62. Kf2 Qd2+ 63. Kf3 g5 64. Kg3 Qe2 65. Na4 h5 66. Nc5 h4#) 53. Kxg1 Rxb5 54. Na4 $2 (54. Na8) 54... Rb1+ 55. Kh2 Bb3 0-1

[Event "Yingmei Cup CHN-chT 2017"]
[Site "Shenzen"]
[Date "2017.04.18"]
[Round "1"]
[White "Chu, Ruotong"]
[Black "Zhang, Lanlin"]
[Result "1-0"]
[WhiteElo "2270"]
[BlackElo "2080"]
[Annotator "TA"]
[PlyCount "125"]
[EventDate "2017.??.??"]
[EventCountry "CHN"]
[SourceTitle "playchess.com"]
[Source "ChessBase"]
[SourceQuality "1"]

{[%evp 8,125,37,29,50,42,67,66,62,53,50,51,64,29,64,64,60,-50,51,43,36,35,51,52,90,57,90,59,74,73,70,75,76,59,66,52,57,0,59,53,64,69,68,22,57,68,60,48,48,47,85,60,51,28,27,13,64,56,69,56,159,147,183,149,237,237,221,200,216,197,218,222,216,209,216,208,250,173,302,283,318,319,315,294,280,0,330,210,203,202,190,200,208,217,209,146,237,243,261,232,278,185,247,233,415,311,387,374,336,368,411,362,346,309,1002,995,1097,1097,1097,1097]} 1. d4 d5 2. c4 c6 3. cxd5 cxd5 4. Bf4 Nf6 {D10: Slav Defence: 3 cxd5 (without early Nf3) and 3 Nc3} (4... Nc6 5. e3 Nf6 6. Nc3 a6 7. Be2 Bf5 8. Nf3 e6 9. Qb3 Bd6 10. Bxd6 Qxd6 11. Qxb7 O-O 12. Qb3 Rfb8 13. Qa3 Qxa3 14. bxa3 Ne4 15. Na4 Na7 16. Ne5 Nb5 {½-½ (103) Vidit,S (2670)-Korobov,A (2695) Dubai 2017}) 5. e3 {LiveBook: 56 Games} Bf5 6. Qb3 Qb6 {White is slightly better.} 7. Qxb6 axb6 8. Nc3 e6 9. Rc1 $146 (9. Bb5+ Nc6 10. Nf3 Bb4 11. Ne5 Rc8 12. O-O Bxc3 13. bxc3 O-O 14. Rfc1 Nxe5 15. Bxe5 Rfd8 16. f3 Ne8 17. Kf2 f6 18. Bg3 Nd6 19. Bxd6 Rxd6 {½-½ (57) Pert,N (2425)-Korstin,M (2201) Yerevan 1999}) 9... Nc6 10. Nf3 Be7 11. a3 O-O 12. Bc7 (12. Nd2 $14) 12... Nd7 ({Better is} 12... Rfc8 $15 13. Bxb6 Nd7) 13. Bb5 Rfc8 14. Bg3 Ra5 15. Be2 g5 16. Nd2 Nf6 17. O-O Bg6 18. h3 h5 19. Nb5 Ne8 20. Nf3 h4 21. Bh2 Bh5 22. Bd3 (22. Rc2 $14) 22... Raa8 ({Black should play} 22... Bg6 $1 $11 23. Be2 Raa8) 23. Rc2 $14 f6 24. Rfc1 Kf7 25. Nd2 Rd8 26. Nc7 Rac8 27. Nxe8 Kxe8 28. Rc3 Kd7 29. Bb5 Bd6 30. Bxd6 Kxd6 31. Kf1 e5 (31... Bg6 $11) 32. dxe5+ $1 fxe5 33. Be2 Bg6 (33... Bxe2+ $14 34. Kxe2 Ke6) 34. Rb3 Kc7 35. Nf3 d4 (35... Kb8 $16) 36. Nxe5 $18 ({But not} 36. Nxg5 $6 d3) 36... Be4 37. Bg4 Ra8 38. Nf7 Rg8 {next ...Bd5 is good for Black.} 39. exd4 {aiming for Be6.} Bd5 40. Re3 Ra4 {...Rc4 would now be nice for Black.} 41. Nh6 Rd8 42. Nf5 Kb8 (42... Rc4 {was called for.} 43. Rec3 Rxc3 44. bxc3 (44. Rxc3 Be4 45. Ng7 Bd5 $18) 44... Ra8) 43. b4 b5 44. Be2 Na7 45. Nd6 Bc6 46. Nf5 $2 {[#]} (46. Nf7 $18 Rxd4 47. Nxg5) 46... Nc8 $2 {[%mdl 8192]} (46... Bd5 $1 $11 47. Rc5 Ra6) 47. Rd1 Nb6 48. Ne7 Bd7 49. Rc1 Nc4 50. Bxc4 bxc4 51. d5 Bb5 (51... Ra6 $16 52. Rcc3 Ba4) 52. Rcc3 Ra6 53. Re5 Re8 54. Ke2 Rf6 (54... Kc7 $142 55. d6+ Rxd6) 55. f3 Rd6 $2 {[#]} (55... Kc7 56. d6+ Rxd6) 56. Kd2 Ka7 57. a4 Bxa4 58. Rxc4 Ka6 59. Rce4 Rd7 60. Ke3 Rc7 $2 (60... Bc2) 61. d6 {White is clearly winning.} Rc1 62. Ra5+ Kb6 63. Rxa4 1-0

[Event "Yingmei Cup CHN-chT 2017"]
[Site "Shenzen"]
[Date "2017.04.18"]
[Round "1"]
[White "Liu, Shilan"]
[Black "Guo, Qi"]
[Result "0-1"]
[WhiteElo "2255"]
[BlackElo "2413"]
[Annotator "RC"]
[PlyCount "120"]
[EventDate "2017.??.??"]
[EventCountry "CHN"]
[SourceTitle "playchess.com"]
[Source "ChessBase"]
[SourceQuality "1"]
[TimeControl "5400+30"]

1. e4 e6 2. d4 d5 3. exd5 exd5 4. Bd3 Bd6 5. Nf3 Bg4 6. h3 Bh5 7. Be3 Ne7 8. c3 c6 9. Nbd2 Nd7 10. Qc2 Bg6 11. O-O Qc7 12. Rfe1 Bxd3 13. Qxd3 h6 14. Re2 O-O 15. Rae1 Ng6 16. Qf5 Rfe8 17. a3 Re6 18. h4 Rae8 19. Kf1 Ne7 20. Qd3 Nf6 21. c4 dxc4 22. Nxc4 Ned5 23. Nxd6 Qxd6 24. Bd2 Rxe2 25. Rxe2 Rd8 26. Qf5 Qd7 27. Qxd7 Nxd7 28. g3 Nf8 29. Ba5 b6 30. Be1 Ne6 31. Rc2 Rc8 32. Ke2 g5 33. hxg5 hxg5 34. Kd3 f6 35. Bd2 Kf7 36. Be3 Ne7 37. b4 Rd8 38. Nd2 Kg6 39. g4 Rh8 40. Nf3 Rh3 41. Ke4 Nc7 42. Ng1 Rh4 43. Kf3 Ncd5 44. Bc1 Kf7 45. Ne2 Ke6 46. Ng3 Kd7 47. Bd2 Nc8 48. a4 Nd6 49. Rc1 Rh8 50. Re1 Nc4 51. Rd1 Nxd2+ 52. Rxd2 Nxb4 53. Ke4 Ke6 54. Nf5 Rh3 55. Ne3 Nd5 56. Rc2 Ne7 57. a5 b5 58. d5+ cxd5+ 59. Kd4 Kd6 60. Rd2 Rh1 {Ke5 Kxe5} 0-1